[Event "NED-chT 1011"]
[Site "Netherlands"]
[Date "2011.05.15"]
[Round "9.9"]
[White "Bouwmeester, Andre"]
[Black "Van der Weide, Piet"]
[Result "1/2-1/2"]
[WhiteElo "2206"]
[BlackElo "2197"]
[PlyCount "37"]
[EventDate "2010.09.25"]
[EventType "team"]
[EventRounds "9"]
[EventCountry "NED"]
[SourceTitle "EXT 2012"]
[Source "ChessBase"]
[SourceDate "2011.11.24"]
[SourceVersion "1"]
[SourceVersionDate "2011.11.24"]
[SourceQuality "1"]
[WhiteTeam "Utrecht"]
[BlackTeam "Amsterdam Caissa"]
[WhiteTeamCountry "NED"]
[BlackTeamCountry "NED"]

1. e4 d6 2. d4 Nf6 3. Nc3 e5 4. Nf3 Nbd7 5. g3 c6 6. Bg2 Be7 7. 0-0 0-0 8. a4 b6 9. Qe2 a5 10. Rd1 Ba6 11. Qe1 Qb8 12. b3 Re8 13. Bb2 Bf8 14. Qd2 Qc7 15. Re1 Rac8 16. Rac1 g6 17. h3 Bg7 18. dxe5 dxe5 19. Bf1 1/2-1/2

[Event "NED-chT 9900"]
[Site "Netherlands"]
[Date "2000.04.29"]
[Round "7"]
[White "Bezemer, Arno J"]
[Black "Bouwmeester, Andre"]
[Result "1/2-1/2"]
[WhiteElo "2239"]
[BlackElo "2271"]
[PlyCount "50"]
[EventDate "2000.02.05"]
[EventType "team-tourn"]
[EventRounds "9"]
[EventCountry "NED"]
[SourceTitle "CBM 076 Extra"]
[Source "ChessBase"]
[SourceDate "2000.07.11"]
[SourceVersion "1"]
[SourceVersionDate "2000.07.11"]
[SourceQuality "1"]
[WhiteTeam "Amstelveen"]
[BlackTeam "Utrecht"]
[WhiteTeamCountry "NED"]
[BlackTeamCountry "NED"]

1. e4 e5 2. Nf3 Nc6 3. d4 exd4 4. Nxd4 Nf6 5. Nxc6 bxc6 6. e5 Qe7 7. Qe2 Nd5 8. c4 Ba6 9. b3 g5 10. Qe4 Bg7 11. Bb2 Nf4 12. Nd2 d5 13. cxd5 Bxf1 14. Kxf1 cxd5 15. Qa4+ Qd7 16. Qxd7+ Kxd7 17. g3 Ne6 18. Kg2 c5 19. Rhd1 Kc6 20. Nf1 d4 21. Rac1 a5 22. Rc4 Bxe5 23. Ra4 Rhb8 24. Ba3 Rd8 25. Nd2 Kb5 1/2-1/2

[Event "NED-chT 9900"]
[Site "Netherlands"]
[Date "2000.03.19"]
[Round "6"]
[White "Van der Vliet, Fredrik"]
[Black "Bouwmeester, Andre"]
[Result "1-0"]
[WhiteElo "2356"]
[BlackElo "2271"]
[PlyCount "84"]
[EventDate "2000.02.05"]
[EventType "team-tourn"]
[EventRounds "9"]
[EventCountry "NED"]
[SourceTitle "CBM 075 Extra"]
[Source "ChessBase"]
[SourceDate "2000.05.11"]
[SourceVersion "2"]
[SourceVersionDate "2000.05.11"]
[SourceQuality "1"]
[WhiteTeam "Rotterdam"]
[BlackTeam "Utrecht"]
[WhiteTeamCountry "NED"]
[BlackTeamCountry "NED"]

1. d4 d5 2. c4 e6 3. Nc3 Nf6 4. Nf3 Be7 5. Bf4 0-0 6. e3 c5 7. dxc5 Bxc5 8. Qc2 Nc6 9. a3 Qa5 10. Rd1 Be7 11. Nd2 Re8 12. Be2 e5 13. Bg5 d4 14. Nb3 Qb6 15. Bxf6 Bxf6 16. Nd5 Qd8 17. exd4 exd4 18. 0-0 Be6 19. Nxf6+ Qxf6 20. Bd3 h6 21. Nc5 b6 22. Nxe6 Qxe6 23. Bh7+ Kf8 24. Bf5 Qd6 25. Rd2 Rad8 26. Be4 d3 27. Rxd3 Nd4 28. Rxd4 Qxd4 29. Bd5 Kg8 30. h3 Rc8 31. Rd1 Qf6 32. g3 Re7 33. Kg2 Rce8 34. Rd2 Re1 35. b4 h5 36. h4 R8e7 37. c5 bxc5 38. bxc5 Qa6 39. c6 Qf1+ 40. Kh2 R1e2 41. Bg2 Qe1 42. c7 Rxc7 1-0